| 000 | 00520nam a2200181 a 4500 | ||
|---|---|---|---|
| 001 | 000013743 | ||
| 005 | 20200929163330.0 | ||
| 008 | 091130s1984 dr ad 000 0 spa d | ||
| 040 |
_aDO-SdBNP _bspa _cBNPHU |
||
| 082 |
_axxxx _bL318m |
||
| 100 | 1 |
_aLara, José _931199 |
|
| 245 | 1 | 0 |
_aManual de dibujo lineal / _cJosé Lara. |
| 250 | _a3a ed. Actualizada | ||
| 260 |
_aSanto Domingo : _bAlfa y Omega, _c1984. |
||
| 300 |
_a361 p. : _bil., diagr. ; _c21 cm. |
||
| 504 | _aIncluye bibliografías (p. 353) | ||
| 049 | _aBNPD | ||
| 999 |
_c13356 _d13356 |
||